| Tag |
First Indicator |
Second Indicator |
Subfields |
| LEADER |
00000cam a22000001a 4500 |
| 001 |
in00002139777 |
| 006 |
m e d # |
| 007 |
cr mn mmmmabba |
| 008 |
860527s1694 mau s 000 0 eng d |
| 005 |
20260331145439.2 |
| 035 |
|
|
|z w020005
|
| 035 |
|
|
|a MAAR8605273905B
|
| 035 |
|
|
|9 mwa91-28519
|
| 035 |
|
|
|a 323671
|
| 035 |
|
|
|a aas03020005
|
| 040 |
|
|
|a MWA
|c MWA
|e bdrb
|d UtOrBLW
|
| 100 |
1 |
|
|a Mayhew, Matthew,
|d 1648-1710.
|
| 245 |
1 |
2 |
|a A brief narrative of the success which the Gospel hath had, among the Indians, of Martha's-Vineyard (and the places adjacent) in New-England :
|b With some remarkable curiositas printed] and confirming the account given of those matters, by Mr. Cotton Mather in the Life of the renowned Mr. John Eliot. /
|c By Matthew Mayhew. ; Whereto is added, an account concerning the present state of Christianity among the Indians, in other parts of New-England: expressed in the letters of several worthy persons, best acquainted therewithall.
|
| 264 |
|
3 |
|a Boston in N.E. :
|b Printed by Bartholomew Green, sold by Michael Perry, under the exchange,
|c 1694.
|
| 300 |
|
|
|a 55 pages, 1 unnumbered page
|
| 336 |
|
|
|a text
|b txt
|2 rdacontent
|
| 337 |
|
|
|a computer
|b c
|2 rdamedia
|
| 338 |
|
|
|a online resource
|b cr
|2 rdacarrier
|
| 510 |
4 |
|
|a Evans
|c 701
|
| 510 |
4 |
|
|a Wing (2nd ed.)
|c M1436
|
| 530 |
|
|
|a Microform version available in the Readex Early American Imprints series.
|
| 533 |
|
|
|a Electronic text and image data.
|b [Chester, Vt. :
|c Readex, a division of Newsbank, Inc.,
|d 2002-2004.
|e Includes files in TIFF, GIF and PDF formats with inclusion of keyword searchable text.
|f (Early American imprints. First series ; no. 701).
|
| 500 |
|
|
|a Electronic resource.
|
| 650 |
|
0 |
|a Indians of North America
|x Missions.
|
| 650 |
|
0 |
|a Indians of North America
|z Massachusetts.
|
| 651 |
|
0 |
|a Martha's Vineyard (Mass.)
|x History.
|
| 752 |
|
|
|a United States
|b Massachusetts
|d Boston.
|
| 830 |
|
0 |
|a Early American imprints.
|n Series I,
|p Evans (1639-1800) ;
|v no. 701.
|
| 856 |
4 |
1 |
|u http://proxy.library.tamu.edu/login?url=https://opac.newsbank.com/select/evans/701
|y Evans Digital Edition
|t 0
|
| 999 |
|
|
|a MARS
|
| 999 |
f |
f |
|s bdee401b-48b7-3033-8fbd-61531df451c5
|i 8a43921a-57a0-3cfe-aca7-5d768c5b8da9
|t 0
|
| 952 |
f |
f |
|a Texas A&M University
|b College Station
|c Electronic Resources
|s www_evans
|d Available Online
|t 0
|h No information provided
|
| 998 |
f |
f |
|t 0
|l Available Online
|